[Event "LSS No Engine Cup 231 Preliminary 0"]
[Site "LSS email"]
[Date "2022.11.22"]
[Round "?"]
[White "Schleef, Harald"]
[Black "Nikel, Bogdan"]
[Result "1/2-1/2"]
[WhiteElo "2310"]
[BlackElo "1985"]
[PlyCount "122"]
[EventDate "2022.11.22"]
[EventType "tourn (corr)"]
[EventRounds "6"]
[EventCountry "GER"]
[SourceTitle "Corr 2024"]
[Source "ChessBase"]
[SourceDate "2023.10.19"]
[SourceVersion "1"]
[SourceVersionDate "2023.10.19"]
[SourceQuality "1"]

1. e4 e5 2. Nf3 Nc6 3. d4 exd4 4. Nxd4 Nf6 5. Nxc6 bxc6 6. e5 Qe7 7. Qe2 Nd5 8. c4 Nb6 9. Nd2 d5 10. exd6 cxd6 11. b3 Bg4 12. f3 Be6 13. Bb2 d5 14. cxd5 Nxd5 15. 0-0-0 a5 16. Qe4 Qc5+ 17. Kb1 a4 18. Rc1 Qb4 19. Rxc6 Be7 20. Bxg7 axb3 21. Nxb3 Rg8 22. Rxe6 Qxe4+ 23. fxe4 fxe6 24. Bb5+ Kf7 25. Bd4 Nb4 26. Rf1+ Kg6 27. a4 Rgf8 28. Rxf8 Rxf8 29. Kb2 Rb8 30. g3 Rc8 31. Na5 Rc2+ 32. Kb3 Kf7 33. Nc4 Rxh2 34. Ne5+ Kf8 35. Nd7+ Kf7 36. a5 Rg2 37. Bc5 Nc2 38. Ne5+ Kf8 39. Bb6 Na1+ 40. Kc3 Bf6 41. Bd4 Rxg3+ 42. Kc4 Kg7 43. Bxa1 Ra3 44. Bd4 Rxa5 45. Nc6 Ra2 46. e5 Bg5 47. Nb4 Re2 48. Kd3 Rd2+ 49. Ke4 Kf7 50. Nd3 h5 51. Nf2 h4 52. Bf1 Ra2 53. Nd3 Rc2 54. Bf2 Rc4+ 55. Kf3 Rc3 56. Kg4 Be7 57. Be3 Ra3 58. Bf4 Ra2 59. Bc1 Bd8 60. Bf4 Be7 61. Bc1 Bd8 1/2-1/2

[Event "LSS No Engine Cup 231 Preliminary 0"]
[Site "LSS email"]
[Date "2022.11.22"]
[Round "?"]
[White "Wuttke, Bodo"]
[Black "Nikel, Bogdan"]
[Result "1-0"]
[WhiteElo "2193"]
[BlackElo "1985"]
[PlyCount "43"]
[EventDate "2022.11.22"]
[EventType "tourn (corr)"]
[EventRounds "6"]
[EventCountry "GER"]
[SourceTitle "Corr 2024"]
[Source "ChessBase"]
[SourceDate "2023.10.19"]
[SourceVersion "1"]
[SourceVersionDate "2023.10.19"]
[SourceQuality "1"]

1. d4 d5 2. c4 e6 3. Nc3 c6 4. e4 dxe4 5. Nxe4 Bb4+ 6. Bd2 Qxd4 7. Bxb4 Qxe4+ 8. Be2 Qxg2 9. Bf3 Qg5 10. Ne2 Nd7 11. Rg1 Qh4 12. Rxg7 Ne5 13. Rg3 Qxc4 14. Bc3 Nxf3+ 15. Rxf3 f6 16. Rd3 e5 17. Rd8+ Kf7 18. f4 h5 19. fxe5 Qh4+ 20. Ng3 Qxh2 21. Qf3 Qg1+ 22. Nf1 1-0

[Event "LSS No Engine Cup 224 Final"]
[Site "LSS email"]
[Date "2022.09.23"]
[Round "?"]
[White "Langheld, Werner"]
[Black "Nikel, Bogdan"]
[Result "1-0"]
[WhiteElo "2170"]
[BlackElo "2008"]
[PlyCount "35"]
[EventDate "2022.09.23"]
[EventType "tourn (corr)"]
[EventRounds "6"]
[EventCountry "GER"]
[SourceTitle "Corr 2024"]
[Source "ChessBase"]
[SourceDate "2023.10.19"]
[SourceVersion "1"]
[SourceVersionDate "2023.10.19"]
[SourceQuality "1"]

1. e4 c5 2. b4 cxb4 3. a3 e6 4. axb4 Bxb4 5. c3 Be7 6. d4 d6 7. f4 Nf6 8. Bd3 Nc6 9. Nf3 0-0 10. 0-0 Rb8 11. Nbd2 b5 12. Kh1 Qc7 13. e5 dxe5 14. fxe5 Nd5 15. Ne4 h6 16. Qe1 a6 17. Qg3 f5 18. Bxh6 1-0

[Event "LSS No Engine Cup 225 Final"]
[Site "LSS email"]
[Date "2022.09.13"]
[Round "?"]
[White "Nikel, Bogdan"]
[Black "Wuttke, Bodo"]
[Result "0-1"]
[WhiteElo "2026"]
[BlackElo "2168"]
[PlyCount "76"]
[EventDate "2022.09.13"]
[EventType "tourn (corr)"]
[EventRounds "6"]
[EventCountry "GER"]
[SourceTitle "Corr 2024"]
[Source "ChessBase"]
[SourceDate "2023.10.19"]
[SourceVersion "1"]
[SourceVersionDate "2023.10.19"]
[SourceQuality "1"]

1. e4 e6 2. d4 d5 3. Nc3 Nf6 4. Bg5 Bb4 5. e5 h6 6. exf6 hxg5 7. fxg7 Rg8 8. Nf3 Qf6 9. h4 gxh4 10. Qd3 Bd7 11. a3 Be7 12. Nb5 Na6 13. Rxh4 c6 14. Nc3 0-0-0 15. 0-0-0 Qxg7 16. Rh7 Qf8 17. Ne2 c5 18. Nf4 Rh8 19. Rxh8 Qxh8 20. Qd2 Nc7 21. c3 Ba4 22. Re1 c4 23. g3 Nb5 24. Bg2 Nxa3 25. Rh1 Qe8 26. Ne5 Nb5 27. Qe2 Kb8 28. Qg4 Nd6 29. Qh5 a6 30. Bf3 Ka7 31. Re1 Qb5 32. Nxf7 Nxf7 33. Qxf7 Ba3 34. bxa3 Qb3 35. Kd2 Qc2+ 36. Ke3 Qxc3+ 37. Ke2 Bc2 38. Kf1 Qxf3 0-1

[Event "LSS No Engine Cup 229 Preliminary 0"]
[Site "LSS email"]
[Date "2022.08.25"]
[Round "?"]
[White "Nikel, Bogdan"]
[Black "Zens, Rolf"]
[Result "1-0"]
[WhiteElo "2024"]
[BlackElo "1722"]
[PlyCount "75"]
[EventDate "2022.08.25"]
[EventType "tourn (corr)"]
[EventRounds "6"]
[EventCountry "GER"]
[SourceTitle "Corr 2024"]
[Source "ChessBase"]
[SourceDate "2023.10.19"]
[SourceVersion "1"]
[SourceVersionDate "2023.10.19"]
[SourceQuality "1"]

1. e4 c5 2. Nf3 d6 3. d4 cxd4 4. Nxd4 Nf6 5. Bb5+ Nbd7 6. c4 Nxe4 7. Qe2 Nef6 8. 0-0 a6 9. Ba4 e6 10. Nc3 Be7 11. Re1 0-0 12. Bf4 Nb6 13. Nf5 exf5 14. Qxe7 Nxc4 15. Bb3 Ne5 16. Qxd8 Rxd8 17. Bg5 Be6 18. Bxf6 gxf6 19. Bxe6 fxe6 20. f4 Nd3 21. Rxe6 Kf7 22. Re3 Nb4 23. Rh3 Rh8 24. a3 Nc6 25. Rd1 Rad8 26. Rhd3 Ke6 27. Nd5 Rd7 28. Re3+ Kf7 29. Kf2 h5 30. Nb6 Rdd8 31. Red3 Ke6 32. b4 Rh7 33. Re3+ Kf7 34. Nd5 Rd7 35. Red3 Ke6 36. a4 Kf7 37. b5 axb5 38. axb5 1-0

[Event "LSS No Engine Cup 223 Final"]
[Site "LSS email"]
[Date "2022.06.09"]
[Round "?"]
[White "Nikel, Bogdan"]
[Black "Sheers, Matthew"]
[Result "0-1"]
[WhiteElo "2003"]
[BlackElo "2273"]
[PlyCount "68"]
[EventDate "2022.06.09"]
[EventType "tourn (corr)"]
[EventRounds "6"]
[EventCountry "GER"]
[SourceTitle "Corr 2024"]
[Source "ChessBase"]
[SourceDate "2023.10.19"]
[SourceVersion "1"]
[SourceVersionDate "2023.10.19"]
[SourceQuality "1"]

1. e4 e6 2. Nf3 d5 3. Nc3 d4 4. Ne2 c5 5. c3 Nf6 6. cxd4 cxd4 7. e5 Nfd7 8. Nexd4 Nxe5 9. Bb5+ Nec6 10. 0-0 Bd6 11. Nb3 0-0 12. d4 Ne7 13. Bd2 b6 14. Qe2 Bb7 15. Rfc1 a6 16. Bd3 h6 17. a4 a5 18. Ne5 Nd7 19. Bf4 Nf6 20. Be3 Nfd5 21. Bd2 Nf5 22. h3 Qe7 23. Re1 Nh4 24. g3 Nf5 25. Bxf5 exf5 26. Qb5 f4 27. Bxf4 Bxe5 28. Bxe5 f6 29. Bf4 Qf7 30. Bd2 Nc7 31. Qd3 Qd5 32. f3 Ba6 33. Qc2 Qxf3 34. Re3 Qd5 0-1

[Event "LSS No Engine Cup 227 Preliminary 0"]
[Site "LSS email"]
[Date "2022.05.26"]
[Round "?"]
[White "Nikel, Bogdan"]
[Black "Koehler, Hans Christian"]
[Result "1-0"]
[WhiteElo "2001"]
[BlackElo "1600"]
[PlyCount "35"]
[EventDate "2022.05.26"]
[EventType "tourn (corr)"]
[EventRounds "6"]
[EventCountry "GER"]
[SourceTitle "Corr 2024"]
[Source "ChessBase"]
[SourceDate "2023.10.19"]
[SourceVersion "1"]
[SourceVersionDate "2023.10.19"]
[SourceQuality "1"]

1. e4 d6 2. d4 Nf6 3. Nc3 c6 4. Nf3 Qa5 5. Bd2 Qb6 6. a4 Nbd7 7. a5 Qc7 8. Bc4 h6 9. 0-0 e5 10. Be3 Be7 11. Nh4 Nf8 12. d5 Bg4 13. Qd3 Bh5 14. Nf5 Rg8 15. a6 Bg6 16. axb7 Qxb7 17. dxc6 Qc7 18. Nb5 1-0

[Event "LSS No Engine Cup 227 Preliminary 0"]
[Site "LSS email"]
[Date "2022.05.26"]
[Round "?"]
[White "Verich, Oleg"]
[Black "Nikel, Bogdan"]
[Result "0-1"]
[WhiteElo "1315"]
[BlackElo "2001"]
[PlyCount "74"]
[EventDate "2022.05.26"]
[EventType "tourn (corr)"]
[EventRounds "6"]
[EventCountry "GER"]
[SourceTitle "Corr 2024"]
[Source "ChessBase"]
[SourceDate "2023.10.19"]
[SourceVersion "1"]
[SourceVersionDate "2023.10.19"]
[SourceQuality "1"]

1. Nf3 d5 2. g3 Nf6 3. Bg2 Nc6 4. 0-0 Bg4 5. d4 e6 6. c3 Bd6 7. Bg5 h6 8. Be3 0-0 9. Nbd2 a5 10. c4 a4 11. b3 Bf5 12. c5 Be7 13. a3 Ng4 14. h3 Nxe3 15. fxe3 axb3 16. Nxb3 Qd7 17. Kh2 Bf6 18. Ne1 e5 19. Nf3 e4 20. Ne1 Be6 21. Nc2 Ne7 22. Nd2 Nf5 23. Qe1 c6 24. Rf4 g5 25. Rf1 Bd8 26. Rxf5 Bxf5 27. Qf2 Kg7 28. Rf1 Be6 29. h4 gxh4 30. gxh4 Bc7+ 31. Kh1 Kh7 32. Rg1 Rg8 33. Nxe4 dxe4 34. Bxe4+ f5 35. Bg2 Bg3 36. Qf1 Qd8 37. Bh3 Bd5+ 0-1

[Event "LSS No Engine Cup 225 Preliminary 0"]
[Site "LSS email"]
[Date "2022.02.02"]
[Round "?"]
[White "Nikel, Bogdan"]
[Black "Lonyuk, Bohdan"]
[Result "1-0"]
[WhiteElo "1976"]
[BlackElo "1708"]
[PlyCount "65"]
[EventDate "2022.02.02"]
[EventType "tourn (corr)"]
[EventRounds "6"]
[EventCountry "GER"]
[SourceTitle "Corr 2024"]
[Source "ChessBase"]
[SourceDate "2023.10.19"]
[SourceVersion "1"]
[SourceVersionDate "2023.10.19"]
[SourceQuality "1"]

1. e4 c5 2. Nf3 e6 3. d4 cxd4 4. Nxd4 Nf6 5. Nc3 d6 6. Bg5 Be7 7. Qf3 a6 8. Be2 Nbd7 9. 0-0 0-0 10. Qg3 Kh8 11. Rad1 b5 12. Nc6 Qe8 13. Nxe7 Qxe7 14. Rxd6 h6 15. Bxf6 Qxf6 16. Rfd1 b4 17. Na4 Qe5 18. Rxd7 Qxg3 19. hxg3 Bxd7 20. Rxd7 a5 21. Nb6 Rab8 22. Nc4 Rbc8 23. Bd3 a4 24. Nd6 Rb8 25. Nxf7+ Kg8 26. Bc4 Rbc8 27. Nd6 Rxc4 28. Nxc4 Rc8 29. b3 Ra8 30. f4 axb3 31. axb3 Ra2 32. Ne3 Ra6 33. Rb7 1-0

[Event "LSS No Engine Cup 223 Preliminary 0"]
[Site "LSS email"]
[Date "2021.11.19"]
[Round "?"]
[White "PVlV, Leg"]
[Black "Nikel, Bogdan"]
[Result "0-1"]
[WhiteElo "1562"]
[BlackElo "1955"]
[PlyCount "32"]
[EventDate "2021.11.19"]
[EventType "tourn (corr)"]
[EventRounds "6"]
[EventCountry "GER"]
[SourceTitle "Corr 2024"]
[Source "ChessBase"]
[SourceDate "2023.10.19"]
[SourceVersion "1"]
[SourceVersionDate "2023.10.19"]
[SourceQuality "1"]

1. d4 Nf6 2. c4 e5 3. e3 exd4 4. exd4 Bb4+ 5. Bd2 Bxd2+ 6. Nxd2 0-0 7. Qf3 Nc6 8. 0-0-0 Nxd4 9. Qc3 Nc6 10. Bd3 d5 11. cxd5 Nxd5 12. Qc4 Ne5 13. Qe4 Nxd3+ 14. Qxd3 Nb4 15. Qxd8 Rxd8 16. a3 Nd3+ 0-1

[Event "OP-2021-0-05202"]
[Site "LSS email"]
[Date "2021.10.22"]
[Round "?"]
[White "Correa de Almeida, Claudio"]
[Black "Nikel, Bogdan"]
[Result "1/2-1/2"]
[WhiteElo "1492"]
[BlackElo "1874"]
[PlyCount "59"]
[EventDate "2021.10.18"]
[EventType "tourn (corr)"]
[EventRounds "4"]
[EventCountry "GER"]
[SourceTitle "Corr 2024"]
[Source "ChessBase"]
[SourceDate "2023.10.19"]
[SourceVersion "1"]
[SourceVersionDate "2023.10.19"]
[SourceQuality "1"]

1. e4 Nf6 2. e5 Nd5 3. d4 d6 4. Nf3 Bg4 5. Be2 Nc6 6. 0-0 dxe5 7. Nxe5 Nxe5 8. dxe5 Bf5 9. c4 Nb6 10. Nc3 Qxd1 11. Rxd1 c6 12. Be3 e6 13. Rd2 Rd8 14. Rad1 Rxd2 15. Rxd2 h5 16. a3 Be7 17. Kf1 g5 18. b4 g4 19. Nd1 Rg8 20. Bd4 Bg5 21. Ne3 Be4 22. a4 Nd7 23. Bxa7 c5 24. bxc5 Nxe5 25. Bb8 Nd7 26. Bd6 Bc6 27. a5 Bxe3 28. fxe3 Rg5 29. Rd4 Nxc5 30. Bc7 1/2-1/2

[Event "RB-2021-0-00408"]
[Site "LSS email"]
[Date "2021.10.10"]
[Round "?"]
[White "Korn, Hans"]
[Black "Nikel, Bogdan"]
[Result "1-0"]
[WhiteElo "1969"]
[BlackElo "1887"]
[PlyCount "69"]
[EventDate "2021.07.14"]
[EventType "tourn (corr)"]
[EventRounds "6"]
[EventCountry "GER"]
[SourceTitle "Corr 2024"]
[Source "ChessBase"]
[SourceDate "2023.10.19"]
[SourceVersion "1"]
[SourceVersionDate "2023.10.19"]
[SourceQuality "1"]

1. Nf3 Nf6 2. c4 g6 3. Nc3 Bg7 4. e4 d6 5. d4 0-0 6. Be2 e5 7. 0-0 Nc6 8. d5 Ne7 9. b4 Nh5 10. Re1 a5 11. bxa5 Rxa5 12. a4 Nf4 13. Bf1 f5 14. Bd2 Ra8 15. a5 h6 16. h3 g5 17. Nh2 Rf7 18. g3 Nfg6 19. c5 dxc5 20. Bc4 fxe4 21. Nxe4 Nf5 22. d6 cxd6 23. Bc3 Nd4 24. Bxd4 cxd4 25. Qb3 Nh8 26. Rec1 Kf8 27. a6 bxa6 28. Bd5 Bb7 29. Bxf7 Bxe4 30. Bd5 Rb8 31. Qxb8 Qxb8 32. Bxe4 h5 33. Rxa6 Ke7 34. Rb1 Qc8 35. Rb7+ 1-0

[Event "RB-2021-0-00401"]
[Site "LSS email"]
[Date "2021.04.11"]
[Round "?"]
[White "Malmstrom, Jan"]
[Black "Nikel, Bogdan"]
[Result "1-0"]
[WhiteElo "1852"]
[BlackElo "1955"]
[PlyCount "67"]
[EventDate "2020.12.22"]
[EventType "tourn (corr)"]
[EventRounds "6"]
[EventCountry "GER"]
[SourceTitle "Corr 2024"]
[Source "ChessBase"]
[SourceDate "2023.10.19"]
[SourceVersion "1"]
[SourceVersionDate "2023.10.19"]
[SourceQuality "1"]

1. e4 c5 2. Nc3 Nc6 3. Bb5 Nd4 4. Bc4 e6 5. Nf3 a6 6. a4 Nf6 7. d3 d5 8. Ba2 Nc6 9. 0-0 Be7 10. Bf4 0-0 11. h3 h6 12. e5 Nh7 13. d4 Ng5 14. Bxg5 hxg5 15. Ne2 c4 16. c3 b5 17. Qc2 b4 18. Bb1 g6 19. Nh2 Na5 20. Qd1 Bd7 21. Ng4 Rb8 22. f4 Nb3 23. Ra2 Kg7 24. Qe1 Rh8 25. fxg5 Bxg5 26. Nf4 Be8 27. a5 Rb7 28. Nf6 Rh4 29. Qg3 Rxf4 30. Qxg5 Rxf1+ 31. Kxf1 Qb8 32. Kg1 Bc6 33. Nh5+ Kh7 34. h4 1-0

[Event "OP-2021-0-05081"]
[Site "LSS email"]
[Date "2021.01.10"]
[Round "?"]
[White "Ederer, Karel"]
[Black "Nikel, Bogdan"]
[Result "1-0"]
[WhiteElo "2096"]
[BlackElo "1990"]
[PlyCount "75"]
[EventDate "2021.01.09"]
[EventType "tourn (corr)"]
[EventRounds "4"]
[EventCountry "GER"]
[SourceTitle "Corr 2024"]
[Source "ChessBase"]
[SourceDate "2023.10.19"]
[SourceVersion "1"]
[SourceVersionDate "2023.10.19"]
[SourceQuality "1"]

1. e4 e5 2. Nf3 Nc6 3. Bb5 a6 4. Ba4 Nf6 5. 0-0 b5 6. Bb3 Be7 7. Re1 d6 8. c3 0-0 9. h3 Na5 10. Bc2 c5 11. d4 cxd4 12. cxd4 Bb7 13. Nbd2 Qc7 14. d5 Rac8 15. Bd3 Nd7 16. Nf1 f5 17. exf5 Nc4 18. a4 Bxd5 19. axb5 axb5 20. Ne3 Bb7 21. Bxc4+ bxc4 22. Nd5 Bxd5 23. Qxd5+ Rf7 24. Rd1 h6 25. Be3 Qc6 26. Qxc6 Rxc6 27. Ra8+ Nf8 28. g4 g6 29. Bxh6 gxf5 30. g5 Kh7 31. Bxf8 Bxf8 32. Re8 Be7 33. h4 Kg6 34. Kg2 Rg7 35. Rh8 Kf7 36. Ra1 Rb6 37. Ra7 Ke6 38. h5 1-0

[Event "RB-2021-0-00398"]
[Site "LSS email"]
[Date "2021.01.10"]
[Round "?"]
[White "Herzog, Klaus"]
[Black "Nikel, Bogdan"]
[Result "1-0"]
[WhiteElo "1784"]
[BlackElo "1990"]
[PlyCount "131"]
[EventDate "2020.09.12"]
[EventType "tourn (corr)"]
[EventRounds "6"]
[EventCountry "GER"]
[SourceTitle "Corr 2022"]
[Source "ChessBase"]
[SourceDate "2021.10.24"]
[SourceVersion "1"]
[SourceVersionDate "2021.10.24"]
[SourceQuality "1"]

1. e4 e5 2. Nf3 Nc6 3. Bb5 a6 4. Ba4 Nf6 5. d3 d6 6. c3 Be7 7. 0-0 0-0 8. Re1 b5 9. Bc2 Bg4 10. h3 Bh5 11. Nbd2 d5 12. g4 Bg6 13. Nh4 d4 14. Ndf3 Bc5 15. a3 dxc3 16. bxc3 Qd7 17. Nxg6 fxg6 18. Be3 Bd6 19. Kh1 Rae8 20. a4 b4 21. a5 bxc3 22. Ba4 Kh8 23. Rg1 Rb8 24. Rc1 Rb5 25. Bxb5 axb5 26. a6 Ra8 27. Rxc3 Rxa6 28. Kg2 h6 29. g5 hxg5 30. Nxg5 Nd4 31. Rc1 Ne6 32. Kh2 Nxg5 33. Rxg5 Qf7 34. Qf3 b4 35. Rcg1 b3 36. Qd1 Bf8 37. Rxg6 Rc6 38. Qf3 b2 39. Qf5 Qe6 40. Qxe6 Rxe6 41. f4 Ba3 42. fxe5 Rxe5 43. Bd4 Rh5 44. Rb1 Bd6+ 45. e5 Bxe5+ 46. Bxe5 Rxe5 47. Rxb2 Kh7 48. Rbg2 Re7 49. R6g3 c6 50. Rc2 Re6 51. Rc4 Kh6 52. Kg1 g6 53. Kf2 Kg7 54. Re3 Rd6 55. Ke2 Nd5 56. Rf3 Ne7 57. Kd2 Rd8 58. Ra4 Nf5 59. Ra6 Rd6 60. Rf4 Kf6 61. Kc3 Kg5 62. Rg4+ Kf6 63. Ra7 Rd8 64. Rc7 Rd6 65. Rc4 Ne7 66. Kd2 1-0

[Event "OP-2021-0-05081"]
[Site "LSS email"]
[Date "2021.01.10"]
[Round "?"]
[White "Nikel, Bogdan"]
[Black "Hybl, Vladislav"]
[Result "0-1"]
[WhiteElo "1990"]
[BlackElo "2391"]
[PlyCount "66"]
[EventDate "2021.01.09"]
[EventType "tourn (corr)"]
[EventRounds "4"]
[EventCountry "GER"]
[SourceTitle "Corr 2024"]
[Source "ChessBase"]
[SourceDate "2023.10.19"]
[SourceVersion "1"]
[SourceVersionDate "2023.10.19"]
[SourceQuality "1"]

1. e4 c5 2. Nf3 d6 3. d4 cxd4 4. Nxd4 Nf6 5. Nc3 a6 6. Bc4 e6 7. 0-0 Be7 8. Qf3 Qc7 9. Be2 b5 10. a3 Bb7 11. Qg3 Nbd7 12. Re1 0-0 13. Bh6 Ne8 14. Red1 Kh8 15. Be3 Nef6 16. f3 Ne5 17. Rd2 Rg8 18. Qf2 g5 19. h3 Rg6 20. Nb3 Rag8 21. Bb6 Qb8 22. Ba7 Qf8 23. Qb6 Ba8 24. Rf1 g4 25. hxg4 Nh5 26. Qf2 Nf4 27. Qg3 Bg5 28. Bd4 h5 29. a4 bxa4 30. Nxa4 f6 31. Nc3 Qh6 32. Ra1 hxg4 33. fxg4 Qh7 0-1

[Event "RB-2021-0-00398"]
[Site "LSS email"]
[Date "2021.01.10"]
[Round "?"]
[White "Nikel, Bogdan"]
[Black "Mueller, Bernd"]
[Result "1/2-1/2"]
[WhiteElo "1990"]
[BlackElo "1882"]
[PlyCount "66"]
[EventDate "2020.09.12"]
[EventType "tourn (corr)"]
[EventRounds "6"]
[EventCountry "GER"]
[SourceTitle "Corr 2022"]
[Source "ChessBase"]
[SourceDate "2021.10.24"]
[SourceVersion "1"]
[SourceVersionDate "2021.10.24"]
[SourceQuality "1"]

1. e4 a6 2. d4 b5 3. Nf3 Bb7 4. Bd3 e6 5. 0-0 c5 6. a4 c4 7. Be2 Nf6 8. e5 Nd5 9. Bg5 Qb6 10. Nc3 h6 11. Nxd5 Bxd5 12. Be3 Qb7 13. b3 Be7 14. bxc4 bxc4 15. c3 d6 16. a5 Nd7 17. Qa4 0-0 18. Rfb1 Qc7 19. Bf4 Rac8 20. g3 Ba8 21. exd6 Bxd6 22. Bxd6 Qxd6 23. Nd2 e5 24. Bxc4 exd4 25. cxd4 Rfd8 26. Re1 Nf6 27. Qb3 Rc7 28. Ra4 Rdc8 29. Rb4 g6 30. Qd3 Be4 31. Rb6 Qxb6 32. axb6 Bxd3 33. bxc7 Bxc4 1/2-1/2

[Event "OP-2021-0-05078"]
[Site "LSS email"]
[Date "2021.01.05"]
[Round "?"]
[White "Lombardi, Donato"]
[Black "Nikel, Bogdan"]
[Result "0-1"]
[WhiteElo "823"]
[BlackElo "1989"]
[PlyCount "88"]
[EventDate "2021.01.01"]
[EventType "tourn (corr)"]
[EventRounds "4"]
[EventCountry "GER"]
[SourceTitle "Corr 2022"]
[Source "ChessBase"]
[SourceDate "2021.10.24"]
[SourceVersion "1"]
[SourceVersionDate "2021.10.24"]
[SourceQuality "1"]

1. e4 e5 2. Nf3 Nc6 3. d4 exd4 4. Nxd4 Bc5 5. Be3 Qf6 6. c3 Nge7 7. Be2 0-0 8. 0-0 d5 9. exd5 Nxd5 10. Bf3 Nxe3 11. fxe3 Qh6 12. Qe2 Re8 13. Bxc6 bxc6 14. Qf3 Qxe3+ 15. Qxe3 Rxe3 16. Kh1 Ba6 17. Rd1 Rd8 18. Nd2 Bxd4 19. cxd4 Re2 20. Nf3 Rxb2 21. Ne5 Rd6 22. Rac1 Rxa2 23. Nxc6 Bb7 24. d5 Bxc6 25. dxc6 Rxd1+ 26. Rxd1 g6 27. h3 Ra6 28. Rc1 Kf8 29. Kh2 Ke7 30. Kg3 Kd6 31. Rf1 Ra3+ 32. Kg4 f5+ 33. Kg5 a5 34. Kh6 Kxc6 35. Kxh7 Rg3 36. Rc1+ Kb6 37. Rc2 a4 38. Kh6 a3 39. Kg7 Kb5 40. Rxc7 a2 41. Ra7 Rxg2 42. Kf6 f4 43. Ke5 f3 44. Kf4 f2 0-1

[Event "SB-2021-0-00605"]
[Site "LSS email"]
[Date "2021.01.04"]
[Round "?"]
[White "Jenneborg, Seved"]
[Black "Nikel, Bogdan"]
[Result "1/2-1/2"]
[WhiteElo "1945"]
[BlackElo "1989"]
[PlyCount "128"]
[EventDate "2020.09.21"]
[EventType "tourn (corr)"]
[EventRounds "6"]
[EventCountry "GER"]
[SourceTitle "Corr 2024"]
[Source "ChessBase"]
[SourceDate "2023.10.19"]
[SourceVersion "1"]
[SourceVersionDate "2023.10.19"]
[SourceQuality "1"]

1. e4 e5 2. Nf3 Nc6 3. d4 d6 4. c3 Bg4 5. Qb3 Qd7 6. Nbd2 0-0-0 7. d5 Nce7 8. h3 Bh5 9. a4 Kb8 10. a5 Nf6 11. a6 b6 12. Bb5 Qc8 13. g4 Bg6 14. Qc4 c6 15. dxc6 Ne8 16. Qa4 Nc7 17. Bc4 f6 18. b4 h5 19. g5 d5 20. Be2 dxe4 21. Nh4 Bh7 22. g6 Nxg6 23. Nxg6 Bxg6 24. c4 Ne6 25. c5 Nd4 26. cxb6 Qxc6 27. Qxc6 Nxc6 28. bxa7+ Kxa7 29. b5 Nd4 30. Kf1 Rb8 31. Nc4 Rxb5 32. Be3 Rc5 33. Nd2 Bf5 34. Rb1 Rc7 35. Kg2 Bc5 36. Rhc1 Rhc8 37. Bxh5 Bb6 38. Rd1 Rb8 39. Rb4 Nc2 40. Bxb6+ Rxb6 41. Rxb6 Kxb6 42. Be2 Nd4 43. Bc4 Ka7 44. Bd5 Ne2 45. Bxe4 Nf4+ 46. Kh2 Bxh3 47. Ra1 f5 48. Bh1 Rc8 49. Re1 Nd3 50. Rb1 Rh8 51. Kg1 e4 52. Rb7+ Kxa6 53. Re7 g5 54. f3 Rc8 55. Kh2 Rc2 56. Kxh3 Nf2+ 57. Kh2 Rxd2 58. fxe4 Nxe4+ 59. Kg1 Nd6 60. Rg7 g4 61. Bc6 Rd3 62. Kh2 Rh3+ 63. Kg1 Rc3 64. Bd7 Rc7 1/2-1/2